<?xml version="1.0" encoding="UTF-8"?>
<marc:record xmlns:marc="http://www.loc.gov/MARC21/slim">
   <marc:leader>00000nam a2200000 a 4500</marc:leader>
   <marc:datafield ind1="1" ind2=" " tag="100">
      <marc:subfield code="a">Barr, George</marc:subfield>
      <marc:subfield code="4">aut</marc:subfield>
      <marc:subfield code="e">Verfasser/-in</marc:subfield>
   </marc:datafield>
   <marc:datafield ind1="1" ind2=" " tag="100">
      <marc:subfield code="a">Barr, George</marc:subfield>
   </marc:datafield>
   <marc:datafield ind1=" " ind2=" " tag="653">
      <marc:subfield code="a">Fotografie</marc:subfield>
   </marc:datafield>
   <marc:datafield ind1=" " ind2=" " tag="653">
      <marc:subfield code="a">Bildaufbau</marc:subfield>
   </marc:datafield>
   <marc:datafield ind1=" " ind2=" " tag="653">
      <marc:subfield code="a">Kreativität</marc:subfield>
   </marc:datafield>
   <marc:datafield ind1=" " ind2=" " tag="653">
      <marc:subfield code="a">Softcover / Ratgeber/Hobby</marc:subfield>
   </marc:datafield>
   <marc:datafield ind1=" " ind2=" " tag="653">
      <marc:subfield code="a">Haus/Fotografieren</marc:subfield>
   </marc:datafield>
   <marc:datafield ind1=" " ind2=" " tag="653">
      <marc:subfield code="a">Filme</marc:subfield>
   </marc:datafield>
   <marc:datafield ind1=" " ind2=" " tag="653">
      <marc:subfield code="a">Videofilmen</marc:subfield>
   </marc:datafield>
   <marc:datafield ind1=" " ind2=" " tag="653">
      <marc:subfield code="a">Anleitung</marc:subfield>
   </marc:datafield>
   <marc:datafield ind1="0" ind2="0" tag="245">
      <marc:subfield code="a">Besser fotografieren</marc:subfield>
   </marc:datafield>
   <marc:datafield ind1="0" ind2="0" tag="245">
      <marc:subfield code="b">die hohe Schule der kreativen Fotografie</marc:subfield>
   </marc:datafield>
   <marc:datafield ind1="0" ind2="0" tag="245">
      <marc:subfield code="c">George Barr. [Übers. aus dem Amerikan.: Rainer Gulbins</marc:subfield>
   </marc:datafield>
   <marc:datafield ind1=" " ind2="1" tag="264">
      <marc:subfield code="a">Heidelberg</marc:subfield>
      <marc:subfield code="b">dpunkt-Verl.</marc:subfield>
      <marc:subfield code="c">2010</marc:subfield>
   </marc:datafield>
   <marc:datafield ind1=" " ind2=" " tag="250">
      <marc:subfield code="a">2., korrigierte Aufl.</marc:subfield>
   </marc:datafield>
   <marc:datafield ind1="1" ind2=" " tag="520">
      <marc:subfield code="a">Angaben aus der Verlagsmeldung

Besser Fotografieren : Die hohe Schule der kreativen Fotografie / von Georg Barr

Der Titel des Buches lässt ahnen, dass George Barr den schwierigsten Aspekt in der Fotografie angeht: die Entwicklung der Kreativität. Es geht also nicht um Blendeneinstellungen und Verschlusszeiten. Es geht um bewusstes Sehen(lernen), die Schaffung von Kunst, um den Umgang mit Frustrationen und darum, wie man sich als Fotograf entwickelt.

Der Autor beschreibt, wie man eine Szene "erarbeitet", wie man die häufigsten Fallen umgeht und was ein gutes Bild ausmacht. Er erläutert, was sich gut fotografieren lässt, und behandelt alles, was eine gute Komposition ausmacht und wie man sie angeht. Zur Veranschaulichung der einzelnen Kapitel tragen zahlreiche Bildbeispiele aus seinem Fundus bei. An ihnen erklärt er, wie er mit dem jeweiligen Problem umging, um zu einer besseren Aussage zu kommen.

Schritt für Schritt wird der Leser zum Überdenken der eigenen fotografischen Tätigkeit geführt. Dabei erhält er gleichzeitig zahlreiche und fundierte Ratschläge und Hinweise zu Üben und zur Verbesserung seiner Fertigkeiten.

Die Themen des Buches sind u. a.:
- Bildanalyse
- Erkennen von Bildmängeln
- Bewusstes Sehen, Sehübungen
- Grundsätze der Bildkomposition
- Motivsuche, Auswahl des Bildauschnitts
- Entwickeln des eigenen Stils
- Skizzieren von Bildern
- Bildauswahl für Wettbewerbe u. ä.
- Beurteilen des eigenen Könnens in technischer und künstlerischer Hinsicht
- Gründe für das Misslingen von Bildern
- Umgang mit Versagen und Enttäuschung
- Umgang mit Kritik, Motivation

George Barr hilft Ihnen, die richtigen Ursachen dafür zu finden, warum Ihre Bilder nicht das sind, was Sie erwarten, und damit Sie die richtigen Strategien entwickeln, um zu besseren Ergebnissen zu kommen.
</marc:subfield>
   </marc:datafield>
   <marc:datafield ind1=" " ind2=" " tag="020">
      <marc:subfield code="a">9783898646932</marc:subfield>
      <marc:subfield code="9">9783898646932</marc:subfield>
   </marc:datafield>
   <marc:datafield ind1=" " ind2=" " tag="041">
      <marc:subfield code="a">ger</marc:subfield>
   </marc:datafield>
   <marc:datafield ind1=" " ind2=" " tag="300">
      <marc:subfield code="a">207 S.</marc:subfield>
   </marc:datafield>
</marc:record>
